[Event "CZE Czechia-ch U14"]
[Site "Harrachov"]
[Date "2009.10.26"]
[Round "3"]
[White "Ta, Van Duy"]
[Black "Vlk, Michal"]
[Result "1/2-1/2"]
[WhiteElo "1700"]
[BlackElo "1524"]
[PlyCount "70"]
[EventDate "2009.10.24"]
[EventType "swiss"]
[EventRounds "9"]
[EventCountry "CZE"]
[SourceTitle "EXT 2012"]
[Source "ChessBase"]
[SourceDate "2011.11.24"]
[SourceVersion "1"]
[SourceVersionDate "2011.11.24"]
[SourceQuality "1"]

1. e4 e6 2. d4 d5 3. Nd2 c5 4. exd5 exd5 5. Ngf3 Nc6 6. Bb5 a6 7. Qe2+ Be6 8. Bxc6+ bxc6 9. Nb3 c4 10. Bg5 Nf6 11. Nbd2 Be7 12. 0-0 0-0 13. h3 h6 14. Bh4 Nd7 15. Bxe7 Qxe7 16. c3 Rfe8 17. Rfe1 Qd8 18. Qd1 Qb6 19. Qc2 Rab8 20. Rab1 g6 21. Nh4 Kg7 22. g4 Qd8 23. Ndf3 Qf6 24. Qd1 g5 25. Ng2 h5 26. Nh2 Rbd8 27. Re3 hxg4 28. Nxg4 Bxg4 29. Qxg4 Rxe3 30. Nxe3 Qg6 31. Re1 Nf6 32. Nf5+ Kh7 33. Qf3 g4 34. hxg4 Nxg4 35. Ng3 Nh6 1/2-1/2

[Event "CZE Czechia-ch U14"]
[Site "Harrachov"]
[Date "2009.10.25"]
[Round "2"]
[White "Hanzlik, Daniel"]
[Black "Vlk, Michal"]
[Result "0-1"]
[WhiteElo "1681"]
[BlackElo "1524"]
[PlyCount "110"]
[EventDate "2009.10.24"]
[EventType "swiss"]
[EventRounds "9"]
[EventCountry "CZE"]
[SourceTitle "EXT 2012"]
[Source "ChessBase"]
[SourceDate "2011.11.24"]
[SourceVersion "1"]
[SourceVersionDate "2011.11.24"]
[SourceQuality "1"]

1. e4 e6 2. d4 d5 3. Nd2 c5 4. c3 Nc6 5. Bb5 Bd7 6. Ne2 Qb6 7. Bxc6 Bxc6 8. e5 Nh6 9. 0-0 Nf5 10. Nf3 cxd4 11. cxd4 Rc8 12. b3 Bb5 13. Bb2 Be7 14. a3 0-0 15. Re1 Bxe2 16. Rxe2 Rc6 17. Rc1 Rxc1 18. Qxc1 Qxb3 19. Rc2 a6 20. Rc3 Qa4 21. Rc7 b5 22. g4 Nh4 23. Nxh4 Bxh4 24. g5 Qa5 25. Rc3 Qd8 26. f4 h6 27. gxh6 gxh6 28. Rh3 Kh8 29. Qd1 Rg8+ 30. Kf1 Rg6 31. Qh5 Be7 32. Bc1 Qg8 33. Be3 Bxa3 34. Ke2 Rg2+ 35. Kf3 Bf8 36. f5 exf5 37. Bxh6 Qg4+ 38. Qxg4 fxg4+ 39. Kxg2 gxh3+ 40. Kf2 Bxh6 41. Ke2 Bf4 42. Kf3 Bxh2 43. Kg4 b4 44. Kxh3 Bxe5 45. dxe5 b3 46. Kg3 b2 47. Kf3 b1Q 48. Ke3 Qe4+ 49. Kd2 Qxe5 50. Kd3 Qe4+ 51. Kd2 d4 52. Kd1 d3 53. Kd2 Qe2+ 54. Kc3 d2 55. Kd4 d1R+ 0-1